|
|
|
|
| LEADER |
00000nam a22000007a 4500 |
| 005 |
20181027000343.0 |
| 007 |
cr|||| |||| |
| 008 |
181027s2017 co |||||s|||| 00||0 spa d |
| 020 |
|
|
|a 978-958-8934-88-4
|
| 035 |
|
|
|a 22072
|
| 040 |
|
|
|a vLex
|
| 090 |
|
|
|c 8184
|d 8184
|
| 100 |
1 |
|
|a Cubides Cr̀denas, Jaime
|
| 245 |
1 |
0 |
|a Desafo̕s contemporǹeos de la proteccin̤ de los derechos humanos en el Sistema Interamericano
|h [Recurso electrn̤ico] /
|c Jaime Cubides Cr̀denas
|
| 256 |
|
|
|a Servicio en ln̕ea
|
| 260 |
|
|
|a Bogot:̀
|b Universidad Catl̤ica de Colombia,
|c 2017
|
| 300 |
|
|
|a 1 recurso electrn̤ico
|
| 506 |
1 |
|
|a Disponible solo en los productos indicados
|d vLex Global
|d vLex Global (Academic Edition, excluding Law Schools)
|d vLex Global (U.S. Academic Edition, Law Schools)
|d vLex Global (U.S. Academic Edition, excluding Law Schools)
|d vLex Global (Academic Edition, Law Schools)
|
| 650 |
0 |
4 |
|a Derecho Internacional
|z Colombia
|
| 650 |
0 |
4 |
|a Derecho Constitucional
|z Colombia
|
| 740 |
0 |
|
|a vLex Libros (Servicio en ln̕ea)
|
| 856 |
4 |
0 |
|u http://vlex.com/source/desafios-contemporaneos-proteccion-derechos-humanos-sistema-interamericano-22072
|z Acceso restringido
|
| 942 |
|
|
|c BOOK
|
| 999 |
0 |
|
|a International Law
|
| 999 |
0 |
|
|a Constitutional Law
|